Main Series Ace Attorney Victims - Statistics

General Stats
  • This quiz has been taken 69 times
    66 since last reset
  • The average score is 26 of 35
Answer Stats
Case Victim % Correct
Turnabout Sisters Mia Fey
100%
The First Turnabout Cindy Stone
96%
Rise From The Ashes Bruce Goodman
92%
Turnabout Samurai Jack Hammer
92%
Turnabout Goodbyes Robert Hammond
92%
Turnabout Big Top Russell Berry
90%
Bridge To The Turnabout Elise Deauxnim
88%
Turnabout Goodbyes (DL-6) Gregory Edgeworth
88%
Rise From The Ashes (SL-9) Neil Marshall
88%
Turnabout Reclaimed Jack Shipley
85%
Farewell, My Turnabout Juan Corrida
85%
Reunion, And Turnabout Turner Grey
83%
Turnabout Succession (Present Trial) Drew Misham
79%
The Lost Turnabout Dustin Prince
79%
Turnabout Trump Shadi Smith
79%
Turnabout Beginnings Valerie Hawthorne
79%
Recipe For Turnabout Glen Elg
77%
The Stolen Turnabout Kane Bullard
77%
The Cosmic Turnabout Clay Terran
75%
Turnabout Memories Doug Swallow
75%
Turnabout Countdown Candice Arme
73%
Turnabout Succession (Past Trial) Magnifi Gramarye
71%
Turnabout For Tomorrow Metis Cykes
71%
Turnabout Corner Pal Meraktis
71%
Turnabout Serenade Romein LeTouse
71%
Turnabout Academy Constance Courte
69%
The Monstrous Turnabout Rex Kyubi
69%
The Foreign Turnabout Paht Rohl
63%
Turnabout Revolution (Khura’in Trial) Inga Karkhuul Haw'kohd Dis'nahm Bi'ahni Lawga Ormo Pohmpus Da'nit Ar'edi Iz Khura'in III
58%
The Magical Turnabout Manov Mistree
58%
Turnabout Storyteller Taifu Toneido
56%
The Rite Of Turnabout (First Murder) Tahrust Inmee
54%
Turnabout Revolution (U.S. Trial) Archie Buff
52%
The Rite Of Turnabout (Second Murder) Puhray Zeh’lot
52%
Turnabout Time Traveler Dumas Gloomsbury
38%
No matching quizzes found
Score Distribution
Percent of People with Each Score
Percentile by Number Answered
Your Score History
You have not taken this quiz since the last reset